[Event "AUT-ch U12"]
[Site "Altenmark"]
[Date "2011.06.11"]
[Round "2"]
[White "Schnider, Alexander"]
[Black "Rosenlechner, Raphael"]
[Result "1/2-1/2"]
[WhiteElo "1388"]
[BlackElo "1220"]
[PlyCount "60"]
[EventDate "2011.06.11"]
[EventType "swiss"]
[EventRounds "7"]
[EventCountry "AUT"]
[SourceTitle "EXT 2013"]
[Source "ChessBase"]
[SourceDate "2012.11.22"]
[SourceVersion "1"]
[SourceVersionDate "2012.11.22"]
[SourceQuality "1"]

1. d4 Nf6 2. c4 e6 3. Nc3 c5 4. e3 d5 5. Nf3 Nc6 6. cxd5 exd5 7. Bb5 Bd7 8. dxc5 Bxc5 9. 0-0 a6 10. Be2 Be6 11. b3 0-0 12. Bb2 Be7 13. Rc1 Rc8 14. Nd4 Qd7 15. Na4 Nxd4 16. Qxd4 Rc6 17. Bf3 Rb8 18. Rfd1 b5 19. Nc3 Rbc8 20. Nxd5 Rxc1 21. Nxe7+ Qxe7 22. Rxc1 Rxc1+ 23. Bxc1 Qc7 24. Bb2 h6 25. h3 Kh7 26. Be4+ Kg8 27. Bd3 Qd7 28. Be2 Qxd4 29. Bxd4 Nd5 30. Kf1 Nb4 1/2-1/2